000 00768nam a2200277Ia 4500
003 OSt
005 20221006144824.0
006 a|||||r|||| 00| 0
007 ta
008 221006b |||||||| |||| 00| 0 eng d
020 _c1278.00
024 _a12,837
037 _cTextual
040 _aEASL
_cEASL
_beng
041 _2eng
_aeng
082 _aV41:1946.N90, N1
100 _aCALABRESE John
_9652969
245 0 _aChina's changing relations with the Middle East
260 _aLondon
_bPinter Pub.
_c1991
300 _a183p.
_ccm.
490 _v CEL
650 _a CEL
650 _aChina - Foreign relations - Middle East - West Asia
_9652970
942 _hV41:1946.N90, N1
_cTEXL
_2CC
999 _c1080923
_d1080923